| 000 | 00446nam a2200181Ia 4500 | ||
|---|---|---|---|
| 001 | 10806 | ||
| 005 | 20260306161859.0 | ||
| 008 | 260306t2014||||xx |||||||||||||| ||spa|| | ||
| 041 | _aESP | ||
| 082 |
_a970.01 _bT67 |
||
| 100 |
_aTodorov, Tzvetan _eAUT |
||
| 245 | 0 |
_aLa conquista dell America: _bil problema dell' altro |
|
| 260 | _c2014 | ||
| 300 |
_a320 páginas : _c19 cm. |
||
| 650 | _aGEN | ||
| 654 | _aCHU | ||
| 942 |
_cLIB _dJUS _fJUS _2ddc _n |
||
| 999 |
_c10806 _d10806 |
||